[Event "14th OIBM"]
[Site "Bad Wiessee GER"]
[Date "2010.11.07"]
[Round "9.16"]
[White "Zdebskaja,N"]
[Black "Brodsky,M"]
[Result "0-1"]
[WhiteElo "2357"]
[BlackElo "2549"]

1.e4 c5 2.Nf3 Nc6 3.Nc3 d6 4.d4 cxd4 5.Nxd4 Nf6 6.Bg5 e6 7.Qd3 Be7 8.O-O-O O-O
9.f4 Qb6 10.Be2 h6 11.Bh4 Nxe4 12.Bxe7 Nc5 13.Qe3 Nxe7 14.g4 Nd7 15.Qg3 e5
16.Nf5 Ng6 17.fxe5 dxe5 18.Rd6 Qc5 19.Nd5 Nb6 20.b4 Qxd5 21.Rxd5 Nxd5 22.Bc4 Be6
23.Re1 Ndf4 24.Bb3 a5 25.bxa5 Rxa5 26.h4 Bxb3 27.Qxb3 Ne6 28.g5 h5 29.Nd6 Nd4
30.Qc4 b6 31.Ne4 Raa8 32.c3 Rfc8 33.Qb4 Rxa2 34.Kb1 Ra1+ 35.Kxa1 Nc2+ 36.Kb2 Nxb4
37.cxb4 Nxh4 38.Nd6 Rc6 39.Rd1 Ng6 40.Nf5 Rc7 41.Rd6 Rb7 42.Kc3 h4 43.Kc4 h3
44.Kb5 e4 45.Rd8+ Kh7 46.Kc6 h2 47.Rd1 Ra7 48.Kxb6 Ra2 49.b5 Ne5  0-1

[Event "14th OIBM"]
[Site "Bad Wiessee GER"]
[Date "2010.11.07"]
[Round "9.15"]
[White "Petrov,Marij"]
[Black "Weber,U"]
[Result "1-0"]
[WhiteElo "2550"]
[BlackElo "2413"]

1.e4 c5 2.Nc3 Nc6 3.Nf3 e5 4.Bc4 d6 5.d3 Be7 6.O-O Nf6 7.Ng5 O-O 8.f4 exf4
9.Bxf4 h6 10.Nf3 Be6 11.Nd5 Na5 12.Nxe7+ Qxe7 13.Bxe6 Qxe6 14.Nh4 d5 15.Nf5 dxe4
16.Bxh6 gxh6 17.Qe1 Kh7 18.Qxa5 Rg8 19.Rae1 Rg5 20.Ng3 Rag8 21.Qc7 R8g7 22.Qf4 R7g6
23.dxe4 Re5 24.Re3 c4 25.h3 Kh8 26.Kh2 Reg5 27.Qb8+ Kg7 28.Nf5+ Kh7 29.Nh4 Rg7
30.Rd1 Qb6 31.Rd8 Ng8 32.Re2 Qxb2 33.Nf5 R7g6 34.Rd7 Qc3 35.Rxf7+ Kh8 36.Qc7 Nf6
37.Nh4 Rg7 38.Nf3 Rxf7 39.Qxf7 Rg7 40.Qe6 b5 41.Rd2 Ng8 42.Rd8 Qe3 43.Qe5 Kh7
44.Nh4 Qg5 45.Qf5+ Qxf5 46.Nxf5 Rc7 47.Kg3 Ne7 48.Nd4 b4 49.e5 c3 50.Kf4 Rc4
51.Rd7 Kg6 52.Ke3 Nf5+ 53.Kd3 Rc5 54.Nxf5 Kxf5 55.Rxa7 Kxe5 56.g4 Kf4 57.Rb7 Kg3
58.Rxb4 Rc6 59.a4 Kxh3 60.a5 Rc5 61.Ra4  1-0

[Event "TCh-SUI 2010"]
[Site "Switzerland SUI"]
[Date "2010.11.07"]
[Round "9.6"]
[White "Gaehler,M"]
[Black "Rusev,A"]
[Result "1-0"]
[WhiteElo "2257"]
[BlackElo "2210"]

1.e4 c5 2.Nc3 Nc6 3.Bb5 Nd4 4.Ba4 a6 5.Bb3 e6 6.Nf3 Nxf3+ 7.Qxf3 d6 8.O-O b5
9.a4 b4 10.Ne2 Qc7 11.d3 Nf6 12.Nf4 Be7 13.Bd2 Rb8 14.Bc4 O-O 15.c3 a5 16.cxb4 axb4
17.b3 Bb7 18.Qg3 Qc8 19.Rfe1 e5 20.Nh3 Ba6 21.Rad1 Bxc4 22.dxc4 Rb6 23.f4 Nd7
24.Rf1 Qb7 25.Rde1 Bf6 26.Kh1 Nb8 27.Nf2 Nc6 28.Ng4 Bd8 29.Nh6+ Kh8 30.Nf5 Bf6
31.fxe5 Bxe5 32.Bf4 f6 33.Nxd6 Qe7 34.Nf5 Qc7 35.Bxe5 Nxe5 36.Rd1 g6 37.Ne3 Re6
38.h4 Qg7 39.Rd5 Qe7 40.Rfd1 Re8 41.h5 Qf8 42.Kg1 gxh5 43.Qh3 Qf7 44.Rd8 Nc6
45.R1d7 Qg8 46.Rxe8 Qxe8 47.Rc7 Nd4 48.Nd5 f5 49.Kh2 Rg6 50.Re7 Qg8 51.Kh1 h4
52.exf5 Rg3 53.Qxh4 Nxf5 54.Qf6+ Ng7 55.Rf7 Rg6 56.Rf8 Rxf6 57.Rxg8+ Kxg8
58.Nxf6+ Kf7 59.Nxh7 Ke7 60.Ng5 Kf6 61.Ne4+ Ke5 62.Nxc5 Kd4 63.Nb7 Kc3 64.Na5 Ne6
65.g4 Kd4 66.Kg2 Kc5 67.Kf3 Kb6 68.Ke4 Kxa5 69.Ke5 Nc5 70.g5 Nxb3 71.g6 Nd2
72.g7 b3 73.g8=Q b2 74.Qd5+ Kxa4 75.Qxd2 b1=Q 76.Qd7+  1-0

[Event "Russia Cup Final KO"]
[Site "Belgorod RUS"]
[Date "2010.11.09"]
[Round "2.1"]
[White "Amonatov,F"]
[Black "Moiseenko,A1"]
[Result "1/2-1/2"]
[WhiteElo "2594"]
[BlackElo "2670"]

1.e4 c5 2.Nf3 Nc6 3.Nc3 e5 4.Bc4 Be7 5.d3 Nf6 6.O-O O-O 7.a3 d6 8.h3 Nd7
9.Rb1 Nb6 10.Ba2 Be6 11.Nd5 Bxd5 12.exd5 Nd4 13.Nd2 Bg5 14.c3 Nb5 15.c4 Nd4
16.b4 Nd7 17.Bb2 Bxd2 18.Qxd2 Qh4 19.Rbe1 Rae8 20.Bxd4 exd4 21.Bb3 Qd8 22.Ba4 b6
23.Rxe8 Rxe8 24.Rb1 Re7 25.Bxd7 Qxd7 26.bxc5 bxc5 27.Rb8+ Re8 28.Rxe8+ Qxe8
29.Qf4 Qe7 30.Qd2 Qe8 31.Qf4 Qe7 32.Qd2 Qe8  1/2-1/2

[Event "Russia Cup Final KO"]
[Site "Belgorod RUS"]
[Date "2010.11.10"]
[Round "2.3"]
[White "Amonatov,F"]
[Black "Moiseenko,A1"]
[Result "1/2-1/2"]
[WhiteElo "2594"]
[BlackElo "2670"]

1.e4 c5 2.Nf3 Nc6 3.Nc3 e5 4.Bc4 Be7 5.O-O d6 6.d3 Nf6 7.Ng5 O-O 8.f4 Bg4
9.Qe1 exf4 10.Bxf4 Nd4 11.e5 dxe5 12.Bxe5 Bh5 13.Qg3 Bg6 14.Qh3 Nxc2 15.Rac1 Nd4
16.Rce1 Nc6 17.Bg3 Qd4+ 18.Kh1 Qg4 19.Nd5 Qxh3 20.Nxe7+ Nxe7 21.Nxh3 Nf5
22.Bf2 b6 23.Nf4 Rfe8 24.h3 Rxe1 25.Rxe1 Re8 26.Rxe8+ Nxe8 27.a4 Nfd6 28.Ba2 Bf5
29.a5 g5 30.axb6 axb6 31.Nd5 Be6 32.b4 Nb7 33.Kg1 Ned6 34.bxc5 Nxc5 35.Nxb6 Nxd3
36.Bxe6 fxe6 37.Be3 Nf7 38.Nd7 Kg7 39.Kf1 h6 40.Ke2 Nb4 41.Bd4+ Kg6 42.g4 Nd8
43.Ne5+ Kh7 44.Nd7 Nbc6 45.Bc3 Kg6 46.Kf3 Nb7 47.Be1 Nd6 48.h4 gxh4 49.Bxh4 Kf7
50.Bg3 Ke7 51.Nc5 Nf7 52.Bf4 Nce5+ 53.Kg3 Kf6 54.Ne4+ Kg6 55.Nc5 Kf6 56.Ne4+ Ke7
57.g5 hxg5 58.Bxe5 Nxe5 59.Nxg5 Kf6 60.Nxe6 Kxe6  1/2-1/2

[Event "e2e4 Brighton Congress Open"]
[Site "Brighton ENG"]
[Date "2010.11.12"]
[Round "1"]
[White "Atako,C"]
[Black "Radovanovic,J"]
[Result "1/2-1/2"]
[WhiteElo "2039"]
[BlackElo "2276"]

1.e4 c5 2.Nf3 Nc6 3.Nc3 d6 4.Bb5 Bd7 5.d4 cxd4 6.Nxd4 e6 7.O-O Nf6 8.Nf3 a6
9.Be2 Be7 10.h3 O-O 11.Bf4 Qc7 12.Qd2 Rfd8 13.Rad1 Be8 14.Rfe1 Rac8 15.Bd3 Ne5
16.Qe2 b5 17.Nxe5 dxe5 18.Bd2 Nd7 19.Qg4 Nf6 20.Qf3 b4 21.Ne2 Bb5 22.Bxb5 axb5
23.c3 bxc3 24.Nxc3 b4 25.Nb1 Qc2 26.a3 Rd3 27.Qe2 Rcd8 28.Rc1 Qxb2 29.Bxb4 Qxe2
30.Rxe2 Bxb4 31.axb4 Rb3 32.f3 Rxb4 33.Kf2 h5 34.h4 Rdb8 35.Na3 Nd7 36.Rec2 Kf8
37.Nc4 Ke7 38.Na5 R8b6 39.Nc6+ Rxc6 40.Rxc6 Rd4 41.R1c2 f5 42.exf5 exf5 43.R6c4 Rd5
44.Rc6 Rd4 45.g3 Kf7 46.Ra2 f4 47.Re2 fxg3+ 48.Kxg3 Rd5 49.Ra2 Rd3 50.Ra4 Rd1
51.Raa6 Nf6 52.Ra7+ Nd7 53.Kf2 Rd4 54.Ke3 Rd1 55.Rc2 Ke6 56.Rd2 Rxd2 57.Kxd2 g6
58.Ke3 Nf6 59.Ra6+ Kf5 60.Rd6 g5 61.hxg5 Kxg5 62.Rd1 Kf5 63.Rd6 h4 64.Rd1 h3
65.Rh1 Nd5+ 66.Kf2 e4 67.fxe4+ Kxe4 68.Rxh3 Kd4 69.Rh4+ Ke5 70.Kf3 Nf6 71.Rf4 Nd5
72.Re4+ Kf5 73.Re8 Nf6 74.Re7 Nd5 75.Kg3  1/2-1/2

[Event "16th Asian Games Rapid"]
[Site "Guangzhou CHN"]
[Date "2010.11.13"]
[Round "2"]
[White "Al Modiahki,M"]
[Black "Bu Xiangzhi"]
[Result "1/2-1/2"]
[WhiteElo "2562"]
[BlackElo "2680"]

1.e4 c5 2.Nf3 Nc6 3.Nc3 g6 4.Bb5 Bg7 5.O-O Nd4 6.Bc4 d6 7.Nxd4 cxd4 8.Qf3 Nf6
9.Nd5 O-O 10.Nxf6+ Bxf6 11.d3 Bg7 12.Qg3 Be6 13.Bxe6 fxe6 14.Qg4 Qc8 15.Bg5 e5
16.Qxc8 Rfxc8 17.Rac1 Kf7 18.c4 dxc3 19.Rxc3 Rxc3 20.bxc3 Rc8 21.c4 Rc6 22.Rb1 Ra6
23.Rxb7 Rxa2 24.g4 Bf8 25.Be3 a5 26.Ra7 a4 27.Kg2 Ra1 28.c5 dxc5 29.Bxc5 g5
30.h3 Ke6 31.Kf3 Kf7 32.Kg2  1/2-1/2

[Event "Hampshire Individual"]
[Site "Eastleigh ENG"]
[Date "2010.11.14"]
[Round "6"]
[White "Pye,D"]
[Black "Kawuma,S"]
[Result "1-0"]
[WhiteElo "2157"]
[BlackElo "2196"]

1.e4 c5 2.Nc3 Nc6 3.Bb5 d6 4.Bxc6+ bxc6 5.d3 Rb8 6.Nge2 g6 7.O-O Bg7 8.b3 e6
9.Bb2 Ne7 10.Na4 Bxb2 11.Nxb2 O-O 12.Qd2 f5 13.f4 Rb4 14.a3 Rb7 15.Rad1 Rd7
16.Kh1 Ba6 17.Qe3 Qe8 18.Nc3 fxe4 19.Qxe4 Nd5 20.Nxd5 cxd5 21.Qa4 Qc8 22.Rde1 Rdf7
23.Nd1 d4 24.Kg1 Rxf4 25.Rxf4 Rxf4 26.Nf2 Bb7 27.Qxa7 Qc6 28.Ne4 Rf8 29.Qa5 e5
30.a4 Qd7 31.Qd2 Qc7 32.Qe2 d5 33.Ng5 Re8 34.Rf1 Qe7 35.Qg4 h6 36.Ne4 Kg7
37.Rf6 g5 38.Qf5 dxe4 39.Qg6+ Kh8 40.Rf7 Qxf7 41.Qxf7  1-0

[Event "VI World Blitz"]
[Site "Moscow RUS"]
[Date "2010.11.18"]
[Round "32"]
[White "Savchenko,B"]
[Black "Mamedov,Rau"]
[Result "0-1"]
[WhiteElo "2632"]
[BlackElo "2660"]

1.e4 c5 2.Nf3 Nc6 3.Nc3 g6 4.d4 cxd4 5.Nxd4 Bg7 6.Be3 Nf6 7.Bc4 d6 8.f3 O-O
9.Qd2 Bd7 10.O-O-O Rc8 11.Be2 b5 12.Ncxb5 Rb8 13.Nxc6 Bxc6 14.Nxa7 Nxe4 15.Bd4 Nxd2
16.Nxc6 Qc7 17.Bxg7 Kxg7 18.Nxb8 Rxb8 19.Rxd2 Qa5 20.c3 Qxa2 21.Bd3 Qa1+
22.Bb1 d5 23.Re1 e6 24.Rc2 Qa7 25.Rd2 h5 26.Rd4 Qb6 27.Re2 Rc8 28.Bc2 Ra8
29.Bb1 Qb5 30.Re1 Ra1 31.Kc2 Ra8 32.Rb4 Qc5 33.Rd4 Rc8 34.Red1 Qc7 35.f4 h4
36.R1d3 Qb6 37.Ba2 Qa6 38.Bb3 Rb8 39.Rd2 Qa5 40.g3 h3 41.g4 Qb6 42.Rb4 Qc7
43.Rbd4 Qb7 44.Rb4 Qc8 45.Rbd4 Qc7 46.g5 Qc5 47.Ba4 Qa5 48.b3 Qc5 49.Kb2 Rc8
50.R2d3 Qd6 51.Rxh3 e5 52.fxe5 Qxe5 53.Rhd3 Qxg5 54.Rxd5 Qf4 55.Rd2 Qe3 56.R5d3 Qe5
57.b4 Rb8 58.Rd4 f5 59.Bb3 Kh6 60.Bc2 Rc8 61.Bd3 Qe3 62.Re2 Qg5 63.b5 Qf6
64.Rc2 Qb6 65.Rb4 Ra8 66.Bc4 Qa5 67.Rc1 Rd8 68.b6 Qe5 69.Rc2 Rb8 70.b7 Qc5
71.Rd2 f4 72.Bd5 Qe3 73.Rdd4 f3 74.Rh4+ Kg7 75.Rhe4 Qd2+ 76.Ka3 Qxd5  0-1

[Event "16th Asian Games Team Men"]
[Site "Guangzhou CHN"]
[Date "2010.11.21"]
[Round "4"]
[White "Al Modiahki,M"]
[Black "Al Qudaimi,B"]
[Result "1-0"]
[WhiteElo "2562"]
[BlackElo "2406"]

1.e4 c5 2.Nc3 Nc6 3.Nf3 e5 4.Bc4 Be7 5.O-O Nf6 6.Ng5 O-O 7.f4 d6 8.d3 exf4
9.Bxf4 Bg4 10.Qd2 h6 11.Nf3 Kh7 12.Rae1 Nd7 13.Nd5 Nb6 14.Bb3 Nxd5 15.Bxd5 Nb4
16.Bb3 Be6 17.d4 Bxb3 18.axb3 Qb6 19.d5 Bf6 20.Kh1 Rad8 21.c3 Na6 22.Qc2 g6
23.Nd2 Bg7 24.Nc4 Qc7 25.e5 dxe5 26.Nxe5 Qc8 27.Bxh6 Kxh6 28.Nxf7+ Rxf7 29.Qd2+ Kh7
30.Rxf7 Rd7 31.Qf4 Qd8 32.Ree7 Rxe7 33.Qh4+ Kg8 34.Qxe7  1-0

[Event "British Rapidplay"]
[Site "Halifax ENG"]
[Date "2010.11.21"]
[Round "8"]
[White "Rabbitte,L"]
[Black "Sherwin,J"]
[Result "1/2-1/2"]
[WhiteElo "2034"]
[BlackElo "2246"]

1.e4 c5 2.Nc3 Nc6 3.Bb5 Nd4 4.Bc4 e6 5.Nge2 Ne7 6.O-O a6 7.Nxd4 cxd4 8.Ne2 Nc6
9.d3 Be7 10.f4 O-O 11.a3 Kh8 12.Ng3 f5 13.exf5 exf5 14.Bd5 g6 15.b3 Bf6 16.Bb2 d6
17.Re1 Bd7 18.Qf3 Qb6 19.Qf2 Rae8 20.Rxe8 Rxe8 21.Re1 Rxe1+ 22.Qxe1 Qc5 23.Bxc6 bxc6
24.Qf2 Qd5 25.Qe2 c5 26.Nf1 Kg7 27.Nd2 Bc6 28.Nf3 h6 29.Bc1 Kf7 30.Bd2 Qe6
31.Kf2  1/2-1/2

[Event "British Rapidplay"]
[Site "Halifax ENG"]
[Date "2010.11.21"]
[Round "9"]
[White "Maroroa,S"]
[Black "Kostic,Mis"]
[Result "0-1"]
[WhiteElo "2019"]
[BlackElo "2246"]

1.e4 c5 2.Nc3 Nc6 3.Bb5 Nd4 4.Bc4 g6 5.Nge2 Bg7 6.Nxd4 cxd4 7.Qf3 e6 8.Nb5 Be5
9.c3 dxc3 10.dxc3 a6 11.Nd4 b5 12.Bd3 Bb7 13.h4 h6 14.Bf4 Qf6 15.Ne2 Ne7
16.Qe3 g5 17.hxg5 hxg5 18.Rxh8+ Qxh8 19.Bxe5 Qxe5 20.O-O-O Rc8 21.Kb1 d5
22.exd5 Qxe3 23.fxe3 Nxd5 24.e4 Nf4 25.Nxf4 gxf4 26.Rf1 e5 27.Rf3 f5 28.Rh3 Bxe4
29.Bxe4 fxe4 30.Rh5 Rc5 31.Kc2 e3 32.Kd3 e4+  0-1

[Event "16th Asian Games Team Men"]
[Site "Guangzhou CHN"]
[Date "2010.11.22"]
[Round "5"]
[White "Mohamed,H MDV"]
[Black "Jang,Jaewon"]
[Result "1-0"]
[WhiteElo "1780"]
[BlackElo "1638"]

1.e4 c5 2.Nf3 Nc6 3.Nc3 g6 4.Be2 Bg7 5.O-O Nf6 6.d4 cxd4 7.Nxd4 O-O 8.Nf3 d6
9.a3 Bd7 10.Bf4 Rc8 11.Rb1 a6 12.Qd2 Na5 13.Bh6 Nc4 14.Bxc4 Rxc4 15.Bxg7 Kxg7
16.e5 dxe5 17.Nxe5 Rc7 18.Qe2 Be6 19.Rbd1 Qb8 20.h4 h5 21.Rd2 Rcc8 22.Re1 Rfd8
23.f3 Rxd2 24.Qxd2 Rd8 25.Qg5 Qd6 26.Nd3 Nh7 27.Qe5+ Nf6 28.Qxd6 Rxd6 29.Nf4 Kf8
30.Nxe6+ Rxe6 31.Rxe6 fxe6 32.Kf2 b5 33.Ke3 Nd5+ 34.Kd4 Nxc3 35.Kxc3 Kf7
36.Kd4 Kf6 37.Ke4 e5 38.b3 Ke6 39.c4 bxc4 40.bxc4 Kd6 41.Kd3 Kc5 42.Kc3 a5
43.Kd3 Kd6 44.Kc3 Kc5 45.Kb3 Kd4 46.Ka4 e4 47.fxe4 Kxe4 48.Kb5 e5 49.c5 Kd3
50.c6 e4 51.c7 e3 52.c8=Q e2 53.Qd8+ Ke3 54.Qxa5 Kf2 55.Qd2 Kf1 56.Qd3 Kf2
57.Qf3+ Ke1 58.Kc4 Kd2 59.Qd3+ Ke1 60.a4  1-0

[Event "4th South Bohemia Open"]
[Site "Cesky Krumlov CZE"]
[Date "2010.11.24"]
[Round "4"]
[White "Lastovicka,Ja"]
[Black "Balka,L"]
[Result "0-1"]
[WhiteElo "1535"]
[BlackElo "1778"]

1.e4 c5 2.Nf3 Nc6 3.Nc3 e6 4.d3 d5 5.exd5 exd5 6.Be2 Nf6 7.Bg5 Be7 8.O-O O-O
9.Qd2 Be6 10.d4 Ne4 11.Bxe7 Qxe7 12.Nxe4 dxe4 13.Ng5 Nxd4 14.Nxe6 Qxe6 15.c3 Nxe2+
16.Qxe2 Rad8 17.Rfd1 a6 18.b3 b5 19.Rd2 c4 20.bxc4 Rxd2 21.Qxd2 Qxc4 22.Qd4 Qxd4
23.cxd4 Rd8 24.Rd1 Rd5 25.Kf1 Kf8 26.Ke2 f5 27.Ke3 Ke7 28.Kf4 h6 29.h4 g6
30.g4 b4 31.g5 h5 32.Ke3 a5 33.Rb1 Kd6 34.a3 Rb5 35.a4 Rb6 36.Rc1 Rc6 37.Rh1 Rc3+
38.Ke2 Kd5 39.Rd1 f4 40.Rd2 f3+  0-1

[Event "National Chess Congress"]
[Site "Philadelphia USA"]
[Date "2010.11.27"]
[Round "3"]
[White "Leach,Daniel F"]
[Black "Reichstein,B"]
[Result "1-0"]
[WhiteElo "2141"]
[BlackElo "2149"]

1.e4 c5 2.Nc3 Nc6 3.Nf3 g6 4.d4 cxd4 5.Nxd4 Bg7 6.Be3 a6 7.Bc4 e6 8.O-O Nge7
9.Qd2 O-O 10.Rad1 Qc7 11.Bb3 Na5 12.f4 Nxb3 13.cxb3 f5 14.e5 b5 15.Rc1 Qb7
16.Nf3 b4 17.Na4 Nd5 18.Bc5 Rf7 19.Ng5 Rf8 20.Bxf8 Bxf8 21.h4 h6 22.Nh3 d6
23.exd6 Bxd6 24.Nc5 Qe7 25.Qf2 a5 26.Rfe1 Nf6 27.Qd4 Bc7 28.Qc4 Bb6 29.Kh1 Kf7
30.Nxe6 Bxe6 31.Rxe6 Qxe6 32.Qxe6+ Kxe6 33.Rc6+ Kf7 34.Rxb6 Rc8 35.Rb7+ Kf8
36.Ra7 Rc1+ 37.Kh2 Ng4+ 38.Kg3 Re1 39.h5 Nf6 40.hxg6 Ne4+ 41.Kh4 Re2 42.Kh5 Rxg2
43.Kxh6 Rg3 44.g7+ Kg8 45.Ng5  1-0

[Event "Moscow TCh-Student Final"]
[Site "Moscow RUS"]
[Date "2010.11.28"]
[Round "1"]
[White "Saitov,I"]
[Black "Mozharov,M"]
[Result "0-1"]
[WhiteElo "2103"]
[BlackElo "2494"]

1.e4 c5 2.Ne2 Nc6 3.Nbc3 g6 4.d4 cxd4 5.Nxd4 Bg7 6.Nde2 Nf6 7.g3 O-O 8.Bg2 d6
9.O-O Bd7 10.h3 Rc8 11.Be3 Qa5 12.Nd5 Be6 13.b4 Qd8 14.Rb1 Bxd5 15.exd5 Ne5
16.a4 Qc7 17.c3 Nc4 18.Bd4 Bh6 19.f4 Nb6 20.g4 Bg7 21.a5 Nc4 22.Bxa7 b6 23.Bxb6 Nxb6
24.axb6 Qxb6+ 25.Kh1 Rc4 26.Qd3 Rfc8 27.Rbc1 Nd7 28.Qd2 Qc7 29.Qe3 Nb6 30.Rfe1 Na4
31.Ra1 Qd7 32.Ra3 Nxc3 33.Ra7 R4c7 34.Rxc7 Rxc7 35.Nd4 Bxd4 36.Qxd4 Nb5 37.Qb6 Rc4
38.Ra1 Nc7 39.Qb7 Qb5 40.Ra7 Rc1+ 41.Kh2 Qc4 42.Kg3 Rc3+  0-1

[Event "77th ch-BRA"]
[Site "Americana BRA"]
[Date "2010.11.29"]
[Round "1"]
[White "Vescovi,G"]
[Black "Matsuura,E"]
[Result "1/2-1/2"]
[WhiteElo "2622"]
[BlackElo "2490"]

1.e4 c5 2.Nf3 Nc6 3.Nc3 g6 4.d4 cxd4 5.Nxd4 Bg7 6.Be3 Nf6 7.Bc4 O-O 8.Bb3 d6
9.f3 Bd7 10.Qd2 Nxd4 11.Bxd4 b5 12.O-O a5 13.a4 b4 14.Nd5 Be6 15.Nxf6+ Bxf6
16.Bxf6 exf6 17.Rad1 Bxb3 18.cxb3 Ra6 19.Qd4 Rc6 20.Rc1 Qc7 21.Rxc6 Qxc6
22.Qxf6 Qc5+ 23.Kh1 Qe5 24.Qxe5 dxe5 25.Rd1 Rc8 26.Kg1 Rc2 27.Rd5 f6 28.Rxa5 Rxb2
29.Rb5 Rxb3 30.a5 Ra3 31.Rxb4 Rxa5  1/2-1/2

[Event "WY U-16 Olympiad"]
[Site "Burdur TUR"]
[Date "2010.11.29"]
[Round "5"]
[White "Eliseev,U"]
[Black "Meribanov,V"]
[Result "1/2-1/2"]
[WhiteElo "2374"]
[BlackElo "2219"]

1.e4 c5 2.Nf3 Nc6 3.Nc3 g6 4.d4 cxd4 5.Nxd4 Bg7 6.Be3 Nf6 7.Bc4 Qa5 8.O-O O-O
9.Nb3 Qc7 10.Bg5 a6 11.Be2 e6 12.Qd2 b5 13.a3 d6 14.Rad1 Ne8 15.f4 b4 16.axb4 Nxb4
17.Kh1 d5 18.exd5 Nxd5 19.Nxd5 exd5 20.Qxd5 Rb8 21.Qc5 Bf5 22.Bd3 Bxd3 23.Rxd3 Qxc5
24.Nxc5 f6 25.Nd7 Rxb2 26.Nxf8 Kxf8 27.c3 fxg5 28.fxg5+ Kg8 29.Rd8 Re2 30.c4 Re7
31.c5 Be5 32.c6 Bc7 33.Rd7 Rxd7 34.cxd7 Nd6 35.Rf6 Nf7 36.Rxa6 Bd8 37.h4 Kf8
38.Re6 Be7 39.Kh2 Nd8 40.Re1 Kf7 41.Kg3 Nb7 42.Kf4 Nc5 43.Rd1 Bd8 44.Ke5 Ke7
45.Re1 Ne4 46.Kxe4  1/2-1/2

[Event "XXIII Belgrade Trophy"]
[Site "Obrenovac SRB"]
[Date "2010.11.30"]
[Round "7.8"]
[White "Stojanovic,Da"]
[Black "Djokic,Nen"]
[Result "1-0"]
[WhiteElo "2496"]
[BlackElo "2365"]

1.e4 c5 2.Nf3 Nc6 3.Nc3 Nf6 4.Bb5 e5 5.Bxc6 dxc6 6.d3 Bd6 7.h3 h6 8.a4 Nd7
9.Nd2 Nf8 10.Nc4 Bc7 11.O-O Ne6 12.Ne2 Nf4 13.b3 b5 14.axb5 cxb5 15.Ne3 Be6
16.Nxf4 exf4 17.Nd5 Bxd5 18.exd5 Qxd5 19.Re1+ Kf8 20.c4 bxc4 21.bxc4 Qc6
22.Qg4 h5 23.Qf5 a6 24.Ba3 Bd6 25.d4 Rh6 26.dxc5 Be7 27.Rad1 f3 28.Rxe7 Kxe7
29.Rd6 Rxd6 30.cxd6+ Kd8 31.Qxf7 fxg2 32.Bc5 Rb8  1-0

[Event "Vasylyshyn Memorial WGM"]
[Site "Lviv UKR"]
[Date "2010.12.01"]
[Round "9"]
[White "Buksa,N"]
[Black "Matseyko,K"]
[Result "1-0"]
[WhiteElo "1943"]
[BlackElo "2243"]

1.e4 c5 2.Nf3 Nc6 3.Nc3 Nf6 4.d4 cxd4 5.Nxd4 e5 6.Ndb5 d6 7.Bg5 a6 8.Na3 b5
9.Nd5 Be7 10.Bxf6 Bxf6 11.c3 Bg5 12.Be2 O-O 13.Nc2 g6 14.a4 bxa4 15.Rxa4 a5
16.O-O Rb8 17.Qa1 Be6 18.Nce3 f5 19.Bd3 Bxe3 20.Nxe3 f4 21.Nc4 d5 22.Nxa5 Nxa5
23.Rxa5 Rxb2 24.exd5 Bxd5 25.Qxb2 Qxa5 26.Re1 Re8 27.Rxe5 Qa8 28.Rxe8+ Qxe8
29.Qb5 Qe1+ 30.Bf1 Qe4 31.c4 Bc6 32.Qb8+ Kg7 33.Qd6 h5 34.h3 f3 35.g3 Bb7
36.Qd7+ Kf6 37.h4 Bc6 38.Qd2 Qe6 39.Kh2 Kg7 40.Bd3 Bd7 41.Qc3+ Kh7 42.Bf1 Bc6
43.Qd2 Bd7 44.Qe3 Qf5 45.Kg1 Bc6 46.Bd3 Qh3 47.Qe7+ Kg8 48.Bf1 Qf5 49.Qd8+ Kg7
50.Qc7+ Bd7 51.c5 Qe6 52.Kh2 Kh8 53.Qf4 Bc6 54.Bc4 Qe8 55.Qh6+  1-0

[Event "WY U-16 Olympiad"]
[Site "Burdur TUR"]
[Date "2010.12.02"]
[Round "7"]
[White "Grigoryan,K2"]
[Black "Vakhidov,J"]
[Result "1-0"]
[WhiteElo "2368"]
[BlackElo "2291"]

1.e4 c5 2.Nf3 Nc6 3.Nc3 g6 4.d4 cxd4 5.Nxd4 Bg7 6.Be3 Nf6 7.Bc4 O-O 8.Bb3 d6
9.h3 Bd7 10.O-O Nxd4 11.Bxd4 b5 12.Qd3 b4 13.Nd5 Nxd5 14.Bxd5 Bxd4 15.Qxd4 Rc8
16.Qxa7 Rxc2 17.Rac1 Rc8 18.Bb3 Ra8 19.Qd4 Qa5 20.Rfe1 Be6 21.Bxe6 fxe6 22.e5 d5
23.Re3 Rab8 24.Rc6 Qxa2 25.Rxe6 Qc4 26.Qd3 Qxd3 27.Rxd3 Kf7 28.Ra6 Rfd8 29.Kf1 Rbc8
30.Ke2 Rc2+ 31.Rd2 Rc4 32.f3 Rdc8 33.Rb6 R8c6 34.Rb5 R6c5 35.Rb6 Rc6 36.Rxc6 Rxc6
37.Rxd5 Ke6 38.Rd4 Kxe5 39.Rxb4 Rc2+ 40.Kf1 Kf5 41.Kg1 h5 42.h4 e5 43.Rb8 e4
44.fxe4+ Kxe4 45.Rb5 Kf4 46.Rg5 Rxb2 47.Rxg6 Rb5 48.Kh2 Ra5 49.g3+ Ke4 50.Kh3 Rf5
51.g4 hxg4+ 52.Kxg4 Rf1 53.Re6+ Kd5 54.Re2 Rg1+ 55.Kf5 Rf1+ 56.Kg6 Rg1+ 57.Kh6 Kd6
58.h5 Rg3 59.Kh7 Rg1 60.Re8 Kd7 61.Rg8 Rh1 62.Rg5 Ke6 63.Kg6 Rf1 64.h6 Rf6+
65.Kg7 Rf7+ 66.Kg8 Kf6 67.Rf5+  1-0

[Event "WY U-16 Olympiad"]
[Site "Burdur TUR"]
[Date "2010.12.02"]
[Round "7"]
[White "Angst,R"]
[Black "Karabayir,M"]
[Result "0-1"]
[WhiteElo "2005"]
[BlackElo "1869"]

1.e4 c5 2.Nc3 Nc6 3.Bb5 g6 4.Bxc6 bxc6 5.d3 Bg7 6.Nge2 e5 7.Be3 Rb8 8.Bxc5 Rxb2
9.Bxa7 d5 10.exd5 cxd5 11.d4 e4 12.Rb1 Rb7 13.Rxb7 Bxb7 14.Qb1 Bc6 15.Qb4 Ne7
16.Bc5 Bf6 17.O-O O-O 18.Rb1 Re8 19.Nb5 Nf5 20.a4 Qd7 21.Nbc3 Nh4 22.Bd6 Nf3+
23.gxf3 exf3 24.Nf4 Qg4+ 25.Kh1 Bg5 26.Rg1 Qxg1+  0-1

[Event "WY U-16 Olympiad"]
[Site "Burdur TUR"]
[Date "2010.12.02"]
[Round "8"]
[White "Aripov,I"]
[Black "Alekseenko,K"]
[Result "0-1"]
[WhiteElo "2103"]
[BlackElo "2284"]

1.e4 c5 2.Nf3 Nc6 3.Nc3 d6 4.d4 cxd4 5.Nxd4 Nf6 6.Bg5 e6 7.Qd2 a6 8.O-O-O Bd7
9.Nxc6 Bxc6 10.Qe1 Qa5 11.f4 b5 12.Kb1 h6 13.Bh4 Be7 14.Bd3 b4 15.Bxf6 gxf6
16.Ne2 Qc5 17.Qg3 h5 18.f5 e5 19.Qg7 Rf8 20.Qh6 d5 21.Ng3 d4 22.Qxh5 a5 23.Qe2 Rh8
24.Nf1 a4 25.Nd2 a3 26.b3 Qc3 27.Nc4 Bf8 28.Qd2 Bh6 29.Qxc3 dxc3 30.Nd6+ Ke7
31.Bb5 Bxb5 32.Nxb5 Bd2 33.Nc7 Rad8 34.Nd5+ Rxd5 35.exd5 e4 36.h3 Kd6 37.Rhf1 e3
38.Rde1 Bxe1 39.Rxe1 Re8 40.Re2 Kxd5 41.Kc1 Ke4 42.Kd1 Kxf5 43.Re1 Rd8+ 44.Ke2 Ke4
45.Rd1 Rd2+ 46.Rxd2 exd2 47.h4 Kf5 48.h5 Kg5 49.g4 f5 50.h6 Kxh6 51.gxf5 Kg5
52.f6 Kxf6 53.Kd1 Kg5 54.Ke2 f5 55.Kd1 f4 56.Ke2 f3+  0-1

[Event "WY U-16 Olympiad"]
[Site "Burdur TUR"]
[Date "2010.12.02"]
[Round "8"]
[White "Eliseev,U"]
[Black "Artemenko,O"]
[Result "1-0"]
[WhiteElo "2374"]
[BlackElo "2195"]

1.e4 c5 2.Nf3 Nc6 3.Nc3 g6 4.d4 cxd4 5.Nxd4 Bg7 6.Be3 Nf6 7.Bc4 O-O 8.Bb3 d6
9.f3 Bd7 10.Qd2 Nxd4 11.Bxd4 b5 12.h4 a5 13.a4 bxa4 14.Nxa4 Be6 15.Nb6 Ra6
16.Nd5 Bxd5 17.exd5 Qd7 18.Ba4 Qf5 19.Bb5 Raa8 20.Bc6 Rac8 21.Rxa5 e5 22.Be3 Nh5
23.Qf2 e4 24.g4 Qe5 25.Ra2 Rxc6 26.dxc6 Qd5 27.Ra7 Bxb2 28.gxh5 Bc3+ 29.Kf1 exf3
30.Kg1 gxh5 31.Ra3 Rb8 32.Rxc3 Rb1+ 33.Kh2  1-0

[Event "WY U-16 Olympiad"]
[Site "Burdur TUR"]
[Date "2010.12.02"]
[Round "8"]
[White "Jorayewa,Govher"]
[Black "Tsarouha,Ma"]
[Result "1/2-1/2"]
[WhiteElo "2064"]
[BlackElo "1771"]

1.e4 c5 2.Nc3 Nc6 3.Bb5 Nd4 4.Bc4 g6 5.Nf3 Bg7 6.O-O e6 7.d3 Ne7 8.Nxd4 cxd4
9.Ne2 O-O 10.f4 d6 11.Ng3 d5 12.Bb3 dxe4 13.dxe4 e5 14.f5 Nc6 15.Qf3 Qd7
16.f6 Bh8 17.Bh6 Rd8 18.h3 d3 19.Rad1 Nd4 20.Qxd3 Nxb3 21.Qxd7 Bxd7 22.axb3 Bb5
23.c4 Rxd1 24.Rxd1 Bc6 25.Rd6 Re8 26.Be3 a6 27.Bc5 h5 28.Kf2 Re6 29.Rxe6 fxe6
30.Ke3 Bxf6 31.b4 Kf7 32.Bd6 Bg5+ 33.Kf3 Kf6 34.Ne2 Bd2 35.Ng3 Bf4 36.Nh1 Ba4
37.Nf2 Bc2 38.b5 axb5 39.cxb5 Bc1 40.b4 Bb2 41.h4  1/2-1/2

[Event "WY U-16 Olympiad"]
[Site "Burdur TUR"]
[Date "2010.12.04"]
[Round "10"]
[White "Kovalev,Vl"]
[Black "Whitfield,C"]
[Result "1-0"]
[WhiteElo "2355"]
[BlackElo "1960"]

1.e4 c5 2.Nf3 Nc6 3.Nc3 d6 4.d4 cxd4 5.Nxd4 e5 6.Nf5 Bxf5 7.exf5 Be7 8.Bc4 Nf6
9.Be3 O-O 10.O-O Rc8 11.Bb3 Qa5 12.a3 Rfd8 13.Nd5 Nxd5 14.Bxd5 Nd4 15.c4 Bf6
16.b4 Qa6 17.g4 h6 18.a4 Qb6 19.Rb1 a6 20.Qd3 Qc7 21.Kg2 b5 22.cxb5 axb5
23.Rfc1 Qb6 24.a5 Qa6 25.Qe4 Rxc1 26.Rxc1 Qa7 27.Rc6 Rd7 28.Rc8+ Rd8 29.Rc6 Rd7
30.Rb6 Bd8 31.Rxb5 Qa6 32.Rb8  1-0

[Event "2nd Pilsen Open"]
[Site "Plzen CZE"]
[Date "2010.12.04"]
[Round "1"]
[White "Sott,P"]
[Black "Kasik,M1"]
[Result "1-0"]
[WhiteElo "2203"]
[BlackElo "1916"]

1.e4 c5 2.Nc3 Nc6 3.Nge2 d6 4.d4 cxd4 5.Nxd4 Nf6 6.Bc4 e6 7.Be3 a6 8.O-O Be7
9.Kh1 O-O 10.f4 Nxd4 11.Bxd4 b5 12.Bd3 Bb7 13.Qe2 Qc7 14.Rf3 e5 15.Bg1 Rfd8
16.Nd5 Bxd5 17.exd5 Rac8 18.Raf1 Rf8 19.fxe5 dxe5 20.Rxf6 Bxf6 21.Rxf6 g6
22.Rxa6  1-0

[Event "31st Crespi Memorial"]
[Site "Milan ITA"]
[Date "2010.12.07"]
[Round "4"]
[White "Herman,Ma"]
[Black "Garano,N"]
[Result "1-0"]
[WhiteElo "2149"]
[BlackElo "2171"]

1.e4 c5 2.Nf3 Nc6 3.Nc3 Nf6 4.d4 cxd4 5.Nxd4 e5 6.Ndb5 d6 7.Bg5 a6 8.Na3 b5
9.Nd5 Be7 10.Bxf6 Bxf6 11.c3 O-O 12.Nc2 Bg5 13.a4 Rb8 14.axb5 axb5 15.h4 Bh6
16.g3 Kh8 17.Bg2 Bb7 18.Qd3 Ne7 19.Ncb4 Nxd5 20.Nxd5 Bxd5 21.Qxd5 b4 22.c4 Qc7
23.O-O b3 24.Rfd1 Rb6 25.Bf3 g6 26.Kg2 f5 27.h5 Qf7 28.hxg6 hxg6 29.Rh1 Kg7
30.exf5 gxf5 31.Qxf7+ Rxf7 32.Bd5 Re7 33.Ra8 Kg6 34.g4 Bg7 35.gxf5+ Kxf5
36.Rh7 e4 37.Rg8 Bf6 38.Rh5+ Kf4 39.Rf8 Rg7+ 40.Kh3 Rg6 41.Rh4+ Ke5 42.Rxe4+ Kf5
43.Rh4 Kg5 44.Be4  1-0